Odgadnij kierowcę Formuły 1 po jego karierze PART 2 - Statystyki

Ogólne statystyki
  • Ten quiz został rozwiązany 38 razy
  • Średni wynik to 8 z 15
Statystyki odpowiedzi
Hint Odpowiedź % Poprawnych
2016, 2017-2018, 2020-dziśManor - Force India - Racing Point - Renault - Alpine Esteban Ocon
100%
2011, 2012-2022, 2023-dziśHRT - Toro Rosso - Red Bull - Renault - McLaren - AlphaTauri Daniel Ricciardo
82%
2017-dziśWilliams - Racing Point - Aston Martin Lance Stroll
82%
2017, 2018-dziśToro Rosso - Red Bull - Toro Rosso - AlphaTauri - Alpine Pierre Gasly
82%
2002-2013Minardi - Jaguar - Williams - Red Bull Mark Webber
68%
1994-2008Williams - McLaren - Red Bull David Coulthard
59%
2000-2009, 2010, 2011Prost - Sauber - Jordan - Williams - BMW Sauber - Lotus Renault Nick Heidfeld
53%
1996-2003, 2004, 2005-2006Williams - BAR - BAR Honda - Renault - Sauber - BMW Sauber Jacques Villeneuve
47%
2011-2015Williams - Lotus Pastor Maldonado
47%
2020Williams Jack Aitken
38%
1991-1992, 1993, 1994-2001Lotus - McLaren Mika Hakkinen
38%
2002, 2005, 2006, 2010, 2011, 2012Jaguar, McLaren, BMW Sauber, Sauber, HRT Pedro de la Rosa
32%
1997-2007Jordan - Williams - Toyota Ralf Schumacher
32%
1984, 1985-1997ATS - Arrows - Benetton - Ferrari - McLaren - Ferrari - Benetton Gerhard Berger
24%
1994-2003 Sauber - Williams - Jordan - Prost - Arrows - Sauber Heinz-Harald Frentzen
18%
Nie znaleziono quizów pasujących do podanych kryteriów
Rozkład punktacji
Procent ludzi z każdym wynikiem
Percentyl według liczby udzielonych odpowiedzi
Twoja historia wyników
Nie rozwiązałeś tego quizu